书目信息 |
| 题名: |
舒新城谈教育
|
|
| 作者: | 舒新城 著 | |
| 分册: | ||
| 出版信息: | 沈阳 辽宁人民出版社 2015.01 |
|
| 页数: | 197页 | |
| 开本: | 23cm | |
| 丛书名: | 名家谈教育 | |
| 单 册: | ||
| 中图分类: | G40-092.72 | |
| 科图分类: | ||
| 主题词: | 教育思想 | |
| 电子资源: | ||
| ISBN: | 978-7-205-08104-1 | |
| 000 | 00972oam2 2200289 450 | |
| 001 | 0120151479880 | |
| 005 | 20151231085444.29 | |
| 010 | @a978-7-205-08104-1@dCNY25.00 | |
| 100 | @a20150128d2015 em y0chiy50 ea | |
| 101 | 0 | @achi |
| 102 | @aCN@b210000 | |
| 105 | @ay z 000yy | |
| 106 | @ar | |
| 200 | 1 | @a舒新城谈教育@9shu xin cheng tan jiao yu@f舒新城著 |
| 210 | @a沈阳@c辽宁人民出版社@d2015.01 | |
| 215 | @a197页@d23cm | |
| 225 | 2 | @a名家谈教育 |
| 330 | @a本书主要内容包括:中学生的将来、什么是中国教育的目的?、中学职业指导的先决问题、何谓教育、教育与学生、中国教育建设方针、中国教育之出路、欧洲留学之始、小学教育问题杂谈等。 | |
| 333 | @a教育工作者 | |
| 461 | 0 | @12001 @a名家谈教育 |
| 600 | 0 | @a舒新城@f(1893-1960)@x教育思想@j文集 |
| 600 | 0 | @a舒新城@f(1893-1960) |
| 606 | 0 | @a教育思想 |
| 690 | @aG40-092.72@v5 | |
| 701 | 0 | @a舒新城@9shu xin cheng@f(1893-1960)@4著 |
| 801 | 0 | @aCN@b人天书店@c20150128 |
| 905 | @b875162-64@dG40-092.72@e686@f3 | |
| 舒新城谈教育/舒新城著.-沈阳:辽宁人民出版社,2015.01 |
| 197页;23cm.-(名家谈教育) |
| 使用对象:教育工作者 |
| ISBN 978-7-205-08104-1:CNY25.00 |
| 本书主要内容包括:中学生的将来、什么是中国教育的目的?、中学职业指导的先决问题、何谓教育、教育与学生、中国教育建设方针、中国教育之出路、欧洲留学之始、小学教育问题杂谈等。 |
| ● |
| 相关链接 |
|
|
|
|
正题名:舒新城谈教育
索取号:G40-092.72/686
 
预约/预借
| 序号 | 登录号 | 条形码 | 馆藏地/架位号 | 状态 | 备注 |
| 1 | 875162 | 208751625 | 学院路分馆/ [索取号:G40-092.72/686] | 在馆 | |
| 2 | 875163 | 208751634 | 学院路分馆/ [索取号:G40-092.72/686] | 在馆 | |
| 3 | 875164 | 208751643 | 学院路分馆/ [索取号:G40-092.72/686] | 在馆 |